Michael van Gerwen Quiz - Statistiken

Allgemein
  • Dieses Quiz wurde 349 mal gespielt
  • Das Durchschnittsergebnis liegt bei 9 aus 12
Antwortstatistiken
Frage Antwort % Korrekt
Nationalität Niederlande
100%
Trikotfarbe grün
98%
Spitzname Mighty Mike / Green Machine / MVG
93%
einziger Spieler, der noch erfolgreicher war als van Gerwen Phil Taylor
91%
Jahr, in dem van Gerwen erstmals die PDC WM gewonnen hat 2014
88%
Spieler, der Michael van Gerwen 2021 als Nummer 1 der Order Of Merit abgelöst hat Gerwyn Price
86%
Spieler, an dessen Seite van Gerwen mehrfach den World Cup Of Darts gewonnen hat Raymond van Barneveld
84%
Walk-On Song Seven Nation Army
72%
Hersteller seiner Darts Winmau
63%
Erstes PDC Major Turnier, das van Gerwen gewonnen hat World Grand Prix
43%
ursprünglich gelernter Beruf Fliesenleger
30%
Geburtsort Boxtel
23%
Keine übereinstimmenden Quizze gefunden
Verteilung der Resultate
Anzahl Personen mit jedem Resultat
Perzentil nach korrekt beantworteten Fragen
Ihre Resultats-Entwicklung
Sie haben dieses Quiz noch nicht gespielt